[Event "NZL-ch Major op"]
[Site "Wanganui"]
[Date "2007.01.??"]
[Round "1"]
[White "Wilson, Jonathan"]
[Black "Wu, Michael"]
[Result "0-1"]
[WhiteElo "2293"]
[BlackElo "2024"]
[PlyCount "68"]
[EventDate "2007.01.??"]
[EventType "swiss"]
[EventRounds "11"]
[EventCountry "NZL"]
[SourceTitle "CBM 116 Extra"]
[Source "ChessBase"]
[SourceDate "2007.03.07"]
[SourceVersion "1"]
[SourceVersionDate "2007.03.07"]
[SourceQuality "1"]

1. e4 c5 2. Nf3 Nc6 3. Bc4 e6 4. a3 Nf6 5. d3 d5 6. exd5 exd5 7. Ba2 Be7 8. h3 0-0 9. 0-0 Qb6 10. Nc3 Be6 11. Rb1 d4 12. Na4 Qc7 13. Bxe6 fxe6 14. b3 Nd5 15. Qe1 e5 16. c4 Nf4 17. Bxf4 Rxf4 18. Nb2 Bd6 19. Nd2 Rf6 20. Ne4 Re6 21. f3 Ne7 22. Nd1 Nd5 23. g4 Ne7 24. Ndf2 Rf8 25. Qd1 Ng6 26. Nxd6 Qxd6 27. Ne4 Qe7 28. Rb2 Nf4 29. Rh2 Rh6 30. Nf2 Qh4 31. Qd2 Qg3+ 32. Kh1 Qxf3+ 33. Kg1 Nxh3+ 34. Rxh3 Rxh3 0-1

[Event "Canadian op"]
[Site "Edmonton"]
[Date "2005.07.17"]
[Round "10"]
[White "Blum, Roger"]
[Black "Wilson, Jonathan"]
[Result "1-0"]
[WhiteElo "1618"]
[BlackElo "2293"]
[PlyCount "61"]
[EventDate "2005.07.09"]
[EventType "swiss"]
[EventRounds "10"]
[EventCountry "CAN"]
[SourceTitle "CBM 107 Extra"]
[Source "ChessBase"]
[SourceDate "2005.09.01"]
[SourceVersion "1"]
[SourceVersionDate "2005.09.01"]
[SourceQuality "1"]

1. e4 c5 2. Nf3 d6 3. d4 cxd4 4. Nxd4 Nf6 5. Nc3 Nc6 6. Be2 e6 7. Be3 Be7 8. Qd2 0-0 9. 0-0-0 Bd7 10. g4 a6 11. g5 Ne8 12. h4 b5 13. a3 Rc8 14. Kb1 Qa5 15. Nb3 Qc7 16. f4 g6 17. h5 Ng7 18. hxg6 fxg6 19. Rh2 Rf7 20. Rdh1 Ne8 21. Bf3 Rd8 22. f5 exf5 23. exf5 Bxf5 24. Bd5 Bf8 25. Rxh7 Bg7 26. Qh2 Kf8 27. Bxf7 Qxf7 28. Nd4 Nxd4 29. Bxd4 Rd7 30. Bxg7+ Nxg7 31. Rh8+ 1-0

[Event "Canadian op"]
[Site "Edmonton"]
[Date "2005.07.10"]
[Round "2"]
[White "Chi, Jonathan"]
[Black "Wilson, Jonathan"]
[Result "1-0"]
[WhiteElo "1744"]
[BlackElo "2293"]
[PlyCount "43"]
[EventDate "2005.07.09"]
[EventType "swiss"]
[EventRounds "10"]
[EventCountry "CAN"]
[SourceTitle "CBM 107 Extra"]
[Source "ChessBase"]
[SourceDate "2005.09.01"]
[SourceVersion "1"]
[SourceVersionDate "2005.09.01"]
[SourceQuality "1"]

1. d4 d5 2. c4 e6 3. Nc3 Nf6 4. Bg5 Bb4 5. e3 0-0 6. Qc2 c5 7. dxc5 Bxc5 8. cxd5 exd5 9. Bxf6 gxf6 10. Rd1 Be6 11. Nxd5 Qa5+ 12. Nc3 Nc6 13. a3 Qc7 14. Bd3 f5 15. Bxf5 Bxf5 16. Qxf5 Ne5 17. Nf3 Nxf3+ 18. Qxf3 Qa5 19. Qg3+ Kh8 20. Qe5+ Kg8 21. Rd5 Rfe8 22. Qg5+ 1-0

[Event "Canadian op"]
[Site "Edmonton"]
[Date "2005.07.09"]
[Round "1"]
[White "Wilson, Jonathan"]
[Black "Daniluk, Jim"]
[Result "0-1"]
[WhiteElo "2293"]
[BlackElo "1969"]
[PlyCount "43"]
[EventDate "2005.07.09"]
[EventType "swiss"]
[EventRounds "10"]
[EventCountry "CAN"]
[SourceTitle "CBM 107 Extra"]
[Source "ChessBase"]
[SourceDate "2005.09.01"]
[SourceVersion "1"]
[SourceVersionDate "2005.09.01"]
[SourceQuality "1"]

1. e4 c5 2. Nf3 Nc6 3. d4 cxd4 4. Nxd4 Nf6 5. Nc3 e5 6. Ndb5 d6 7. Bg5 a6 8. Na3 b5 9. Nd5 Be7 10. Nxe7 Nxe7 11. Bxf6 gxf6 12. c3 Bb7 13. Bd3 d5 14. Qc2 f5 15. 0-0-0 fxe4 16. Bxe4 Qb6 17. Bf3 Rc8 18. Qb3 e4 19. Bg4 Rc7 20. Rd2 d4 21. Rxd4 Qxd4 22. Nc4 0-1

[Event "BCF-chT3 0304 (4NCL)"]
[Site "West Bromwich"]
[Date "2004.05.30"]
[Round "8.7"]
[White "Wilson, Jonathan"]
[Black "Cutmore, David A"]
[Result "1-0"]
[WhiteElo "2303"]
[BlackElo "2102"]
[PlyCount "79"]
[EventDate "2003.11.23"]
[EventType "team"]
[EventRounds "11"]
[EventCountry "ENG"]
[SourceTitle "EXT 2005"]
[Source "ChessBase"]
[SourceDate "2004.11.15"]
[SourceVersion "1"]
[SourceVersionDate "2004.11.15"]
[SourceQuality "1"]
[WhiteTeam "Hilsmark Kingfisher"]
[BlackTeam "Wood Green III"]
[WhiteTeamCountry "ENG"]
[BlackTeamCountry "ENG"]

1. d4 Nf6 2. c4 d6 3. Nc3 Bf5 4. f3 e5 5. e4 exd4 6. Qxd4 Nc6 7. Qd2 Be6 8. b3 g6 9. Bb2 Bg7 10. Nge2 Nh5 11. 0-0-0 a5 12. g4 Nf6 13. Nf4 Nd7 14. h4 Nc5 15. Ncd5 Ne5 16. Nxe6 fxe6 17. f4 Nxe4 18. Qe3 exd5 19. cxd5 Nf6 20. Bb5+ c6 21. dxc6 0-0 22. Bxe5 bxc6 23. Rxd6 Qe7 24. Bc4+ Kh8 25. Be6 Rad8 26. Qd4 Rxd6 27. Qxd6 Qxd6 28. Bxd6 Re8 29. Re1 Nxg4 30. Re2 Nf6 31. Bc4 Rxe2 32. Bxe2 Nd5 33. Bf3 Bf6 34. h5 gxh5 35. Bxh5 Bd4 36. Be8 Be3+ 37. Kc2 Nxf4 38. Bxc6 Ne6 39. Bd5 Nf4 40. Be5# 1-0

[Event "BCF-chT3 0304 (4NCL)"]
[Site "West Bromwich"]
[Date "2004.03.27"]
[Round "5.4"]
[White "McKeown, Paul"]
[Black "Wilson, Jonathan"]
[Result "1/2-1/2"]
[WhiteElo "2050"]
[BlackElo "2303"]
[PlyCount "73"]
[EventDate "2003.11.23"]
[EventType "team"]
[EventRounds "11"]
[EventCountry "ENG"]
[SourceTitle "EXT 2005"]
[Source "ChessBase"]
[SourceDate "2004.11.15"]
[SourceVersion "1"]
[SourceVersionDate "2004.11.15"]
[SourceQuality "1"]
[WhiteTeam "Athenaeum"]
[BlackTeam "Hilsmark Kingfisher"]
[WhiteTeamCountry "ENG"]
[BlackTeamCountry "ENG"]

1. d4 Nf6 2. c4 c5 3. d5 e6 4. Nc3 exd5 5. cxd5 d6 6. Nf3 g6 7. h3 Qe7 8. e4 Nbd7 9. Bd3 b5 10. Bxb5 Bg7 11. 0-0 0-0 12. Re1 Nh5 13. g4 Nhf6 14. Bf4 h5 15. e5 hxg4 16. exf6 Qxf6 17. Bg5 Qf5 18. Bd3 Qxf3 19. Qxf3 gxf3 20. Be7 Ne5 21. Bb5 Bxh3 22. Kh2 Bf5 23. Bxd6 Ng4+ 24. Kg3 Bd4 25. Bxf8 Bxf2+ 26. Kxf3 Bxe1 27. Bxc5 Bh4 28. Bc6 Ne5+ 29. Ke3 Nxc6 30. dxc6 Rc8 31. Bxa7 Rxc6 32. a4 Re6+ 33. Kf3 Bf6 34. a5 Bd3 35. Ra3 Ba6 36. Rb3 Be5 37. Rb6 1/2-1/2

[Event "London Belzberg sim"]
[Site "London"]
[Date "2003.10.20"]
[Round "?"]
[White "Kasparov, Garry"]
[Black "Wilson, Jonathan"]
[Result "1-0"]
[WhiteElo "2830"]
[BlackElo "2303"]
[PlyCount "111"]
[EventDate "2003.??.??"]
[EventType "simul"]
[EventRounds "1"]
[EventCountry "ENG"]
[SourceTitle "EXT 2004"]
[Source "ChessBase"]
[SourceDate "2003.11.25"]
[SourceVersion "1"]
[SourceVersionDate "2003.11.25"]
[SourceQuality "1"]

1. c4 Nf6 2. Nc3 c5 3. Nf3 Nc6 4. e3 e6 5. d4 d5 6. cxd5 exd5 7. Bb5 Bd6 8. 0-0 0-0 9. dxc5 Bxc5 10. b3 a6 11. Bxc6 bxc6 12. Bb2 Bd6 13. Rc1 Bg4 14. Ne2 Bxf3 15. gxf3 Rc8 16. Qd3 Nd7 17. Ng3 Be5 18. Ba3 Re8 19. f4 Bf6 20. Rc2 Qa5 21. Bc1 g6 22. Rd1 h5 23. Bd2 Qb5 24. Bc3 Qxd3 25. Rxd3 Bxc3 26. Rcxc3 Kf8 27. Rd4 h4 28. Ne2 Nf6 29. Rc5 Nd7 30. Ra5 Ra8 31. Kg2 Ke7 32. Rda4 Nb8 33. e4 dxe4 34. Rxe4+ Kd7 35. Rxe8 Kxe8 36. Nd4 Ke7 37. Nf3 Kd6 38. Ne5 Ra7 39. Nc4+ Ke6 40. Kh3 Nd7 41. Kxh4 c5 42. f3 Kd5 43. Kg5 Nf8 44. f5 gxf5 45. Ne3+ Kc6 46. Nxf5 Ne6+ 47. Kf6 Nd4 48. h4 Nxf5 49. Kxf5 Kb6 50. Ra4 Rd7 51. Kf6 Rd4 52. Rc4 Rd2 53. h5 Rf2 54. Rh4 Rxf3+ 55. Ke7 Re3+ 56. Kf8 1-0

[Event "BCF-chT4 0203 fin (4NCL)"]
[Site "Telford"]
[Date "2003.05.25"]
[Round "10.1"]
[White "Whitmore, Darren H"]
[Black "Wilson, Jonathan"]
[Result "0-1"]
[WhiteElo "1704"]
[BlackElo "2310"]
[PlyCount "58"]
[EventDate "2003.04.??"]
[EventType "team"]
[EventRounds "3"]
[EventCountry "ENG"]
[SourceTitle "EXT 2004"]
[Source "ChessBase"]
[SourceDate "2003.11.25"]
[SourceVersion "1"]
[SourceVersionDate "2003.11.25"]
[SourceQuality "1"]
[WhiteTeam "The ADS III"]
[BlackTeam "Hilsmark Kingfisher"]
[WhiteTeamCountry "ENG"]
[BlackTeamCountry "ENG"]

1. Nf3 g6 2. g3 Bg7 3. Bg2 d6 4. d4 f5 5. 0-0 Nf6 6. c3 0-0 7. Qb3+ Kh8 8. Ng5 d5 9. Bf4 c6 10. Nd2 Ne4 11. Ndxe4 fxe4 12. Bxb8 Rxb8 13. f4 Bg4 14. h3 Bxe2 15. Ne6 Qd6 16. Nxf8 Bxf1 17. Rxf1 Bxf8 18. Qd1 Bg7 19. b4 b6 20. Qa4 Qc7 21. Rb1 g5 22. Rf1 gxf4 23. gxf4 Bh6 24. f5 Rg8 25. Qc2 Qg3 26. f6 Qxh3 27. Rf2 Rxg2+ 28. Rxg2 Be3+ 29. Rf2 exf6 0-1

[Event "BCF-chT4 0203 fin (4NCL)"]
[Site "Telford"]
[Date "2003.04.13"]
[Round "8.2"]
[White "Savage, Ben D"]
[Black "Wilson, Jonathan"]
[Result "1/2-1/2"]
[WhiteElo "2182"]
[BlackElo "2310"]
[PlyCount "122"]
[EventDate "2003.04.??"]
[EventType "team"]
[EventRounds "3"]
[EventCountry "ENG"]
[SourceTitle "EXT 2004"]
[Source "ChessBase"]
[SourceDate "2003.11.25"]
[SourceVersion "1"]
[SourceVersionDate "2003.11.25"]
[SourceQuality "1"]
[WhiteTeam "Wood Green III"]
[BlackTeam "Hilsmark Kingfisher"]
[WhiteTeamCountry "ENG"]
[BlackTeamCountry "ENG"]

1. c4 c6 2. g3 d5 3. Bg2 Nf6 4. cxd5 cxd5 5. Nf3 Nc6 6. d3 Bg4 7. h3 Bh5 8. a3 e6 9. b4 Bd6 10. Bb2 0-0 11. Nbd2 Nd7 12. Rc1 Qe7 13. Qb3 Rac8 14. 0-0 f5 15. e4 dxe4 16. dxe4 f4 17. g4 Bf7 18. Nc4 e5 19. Qd3 Bc7 20. Rfd1 Nb6 21. Nxb6 Bxb6 22. Qd7 Qxd7 23. Rxd7 Nd4 24. Rxc8 Nxf3+ 25. Bxf3 Rxc8 26. Bxe5 Rc2 27. Rxb7 Bc4 28. Rxg7+ Kf8 29. Rxh7 Rxf2 30. Rh8+ Kf7 31. Rh7+ Ke6 32. Bc7 Be3 33. Bxf4 Rf1+ 34. Kg2 Bxf4 35. Rxa7 Be3 36. Rc7 Rf2+ 37. Kg3 Rc2 38. Rc6+ Kd7 39. Rg6 Bf2+ 40. Kf4 Rc3 41. Rg7+ Ke6 42. Rg6+ Kd7 43. a4 Be3+ 44. Ke5 Bb3 45. Bd1 Bf7 46. Rf6 Ke7 47. Rf3 Bd2 48. Kd4 Rxf3 49. Bxf3 Bxb4 50. Be2 Bb3 51. Bb5 Kf6 52. e5+ Kg5 53. Bd7 Ba2 54. Ke4 Bc3 55. h4+ Kxh4 56. e6 Bb4 57. Kf5 Bb1+ 58. Kf6 Bc2 59. a5 Bc3+ 60. Kf7 Bxa5 61. e7 Kg5 1/2-1/2

[Event "British Columbia-ch U20"]
[Site "Vancouver"]
[Date "2001.11.11"]
[Round "3"]
[White "Goutor, Valentina"]
[Black "Wilson, Jonathan"]
[Result "0-1"]
[WhiteElo "1724"]
[BlackElo "1851"]
[PlyCount "123"]
[EventDate "2001.11.10"]
[EventType "swiss"]
[EventRounds "5"]
[EventCountry "CAN"]
[SourceTitle "EXT 2022"]
[Source "ChessBase"]
[SourceDate "2021.10.06"]
[SourceVersion "1"]
[SourceVersionDate "2021.10.06"]
[SourceQuality "1"]

1. e4 d6 2. d4 Nf6 3. Nc3 g6 4. h3 Bg7 5. Nf3 0-0 6. Be2 c6 7. Bg5 Qc7 8. Qd2 Re8 9. Bh6 Bh8 10. Ng5 b5 11. a3 Bb7 12. h4 a5 13. h5 b4 14. Nd1 c5 15. d5 Nbd7 16. hxg6 hxg6 17. Ne3 Ba6 18. a4 c4 19. Qd1 Rec8 20. Rb1 Nc5 21. f3 Nxa4 22. Kf1 Nb6 23. Qe1 c3 24. Bxa6 Rxa6 25. b3 Qc5 26. Qh4 Nh5 27. Nf5 Bf6 28. g4 Qb5+ 29. Ke1 Nf4 30. Rh2 Qc5 31. Nxe7+ Bxe7 32. Kf1 Bf6 33. Bf8 Kxf8 34. Nh7+ Ke8 35. Nxf6+ Kd8 36. Nh5+ Kc7 37. Nxf4 Kb7 38. Nd3 Qd4 39. Qf2 Qf6 40. f4 Raa8 41. Kg2 Rh8 42. Rbh1 Rxh2+ 43. Rxh2 Re8 44. e5 dxe5 45. fxe5 Qxf2+ 46. Kxf2 Nxd5 47. Rh7 Re7 48. Ke2 Kc6 49. Kf3 Kb5 50. Nf4 Nxf4 51. Kxf4 a4 52. bxa4+ Kxa4 53. e6 Rxe6 54. Rxf7 Ka3 55. Kg5 Kb2 56. Rf2 Ka3 57. Kh6 b3 58. cxb3 Kxb3 59. g5 c2 60. Rf6 Rxf6 61. gxf6 c1Q+ 62. Kxg6 0-1

[Event "BCF-chT 9697 (4NCL)"]
[Site "England"]
[Date "1997.??.??"]
[Round "11.1"]
[White "Donaldson, John W"]
[Black "Wilson, Jonathan"]
[Result "1/2-1/2"]
[WhiteElo "2405"]
[BlackElo "2285"]
[PlyCount "91"]
[EventDate "1996.10.??"]
[EventType "team"]
[EventRounds "12"]
[EventCountry "ENG"]
[SourceTitle "EXT 1999"]
[Source "ChessBase"]
[SourceDate "1998.11.16"]
[SourceVersion "1"]
[SourceVersionDate "1998.11.16"]
[SourceQuality "1"]
[WhiteTeam "Na Fianna"]
[BlackTeam "Croydon"]
[WhiteTeamCountry "ENG"]
[BlackTeamCountry "ENG"]

1. Nf3 d5 2. g3 c6 3. Bg2 Nf6 4. c4 Bg4 5. cxd5 cxd5 6. Qb3 Qb6 7. Qxb6 axb6 8. Nc3 Nc6 9. 0-0 e6 10. h3 Bh5 11. d3 Be7 12. g4 Bg6 13. Nh4 Nd7 14. Nxg6 hxg6 15. Bd2 Nde5 16. Nb5 0-0 17. Rfc1 g5 18. Rc2 Rfc8 19. a3 Na5 20. Rac1 Rxc2 21. Rxc2 Nac6 22. Kf1 Rc8 23. f4 gxf4 24. Bxf4 Nd7 25. Nd6 Bxd6 26. Bxd6 Na7 27. Rxc8+ Nxc8 28. Bf4 b5 29. Ke1 Na7 30. Kd2 Nc6 31. Bd6 g5 32. e3 Nb6 33. b3 Nc8 34. Bc7 Kg7 35. Kc3 N8a7 36. b4 Kg6 37. Kd2 Ne7 38. e4 d4 39. e5 Nd5 40. Be4+ Kh6 41. Bd6 Kg7 42. Ke2 Nc6 43. Kf3 Nd8 44. Kg3 Nc6 45. Bf3 Nd8 46. Be7 1/2-1/2

[Event "BCF-chT 9697 (4NCL)"]
[Site "England"]
[Date "1997.??.??"]
[Round "10.1"]
[White "McNab, Colin Anderson"]
[Black "Wilson, Jonathan"]
[Result "1-0"]
[WhiteElo "2465"]
[BlackElo "2285"]
[PlyCount "63"]
[EventDate "1996.10.??"]
[EventType "team"]
[EventRounds "12"]
[EventCountry "ENG"]
[SourceTitle "EXT 1999"]
[Source "ChessBase"]
[SourceDate "1998.11.16"]
[SourceVersion "1"]
[SourceVersionDate "1998.11.16"]
[SourceQuality "1"]
[WhiteTeam "Northumbria"]
[BlackTeam "Croydon"]
[WhiteTeamCountry "ENG"]
[BlackTeamCountry "ENG"]

1. c4 c6 2. Nf3 d5 3. e3 Nf6 4. Qc2 e6 5. d4 Nbd7 6. Nc3 Bd6 7. Bd2 0-0 8. 0-0-0 Qe7 9. Rg1 Re8 10. g4 dxc4 11. e4 e5 12. g5 Nh5 13. Bxc4 exd4 14. Nxd4 g6 15. Nf5 gxf5 16. g6 hxg6 17. Rxg6+ Ng7 18. Rdg1 Be5 19. exf5 Nf8 20. Rh6 b5 21. Bb3 b4 22. Na4 c5 23. Qd3 c4 24. Qh3 Ng6 25. Rgxg6 fxg6 26. Bxc4+ Be6 27. fxe6 Nh5 28. Rxg6+ Bg7 29. Qxh5 Rac8 30. b3 Qb7 31. Bh6 Qh1+ 32. Qd1 1-0

[Event "BCF-chT 9697 (4NCL)"]
[Site "England"]
[Date "1996.11.24"]
[Round "4.1"]
[White "Kinsman, Andrew PH"]
[Black "Wilson, Jonathan"]
[Result "1/2-1/2"]
[WhiteElo "2400"]
[BlackElo "2285"]
[PlyCount "67"]
[EventDate "1996.10.??"]
[EventType "team"]
[EventRounds "12"]
[EventCountry "ENG"]
[SourceTitle "EXT 1999"]
[Source "ChessBase"]
[SourceDate "1998.11.16"]
[SourceVersion "1"]
[SourceVersionDate "1998.11.16"]
[SourceQuality "1"]
[WhiteTeam "Guildford"]
[BlackTeam "Croydon"]
[WhiteTeamCountry "ENG"]
[BlackTeamCountry "ENG"]

1. d4 d5 2. c4 c6 3. Nf3 Nf6 4. Nc3 e6 5. Bg5 dxc4 6. e4 b5 7. e5 h6 8. Bh4 g5 9. exf6 gxh4 10. Ne5 Qxf6 11. a4 c5 12. Be2 cxd4 13. Qxd4 Bg7 14. f4 Qe7 15. axb5 Nd7 16. Qe4 Nb6 17. Bf3 0-0 18. 0-0 Nd5 19. Nxd5 exd5 20. Qxd5 Be6 21. Qd4 Rfd8 22. Qf2 Bd5 23. Bxd5 Rxd5 24. Nc6 Qc5 25. Qxc5 Rxc5 26. Rxa7 Rxa7 27. Nxa7 Bd4+ 28. Kh1 Rc7 29. b6 Bxb6 30. Nb5 Rd7 31. Na3 Rd4 32. Rc1 Rxf4 33. Nxc4 Bd4 34. g3 1/2-1/2

[Event "London SCCU op"]
[Site "London"]
[Date "1995.08.??"]
[Round "9"]
[White "Condie, Mark L"]
[Black "Wilson, Jonathan"]
[Result "1-0"]
[WhiteElo "2450"]
[BlackElo "2245"]
[PlyCount "49"]
[EventDate "1995.08.14"]
[EventType "swiss"]
[EventRounds "9"]
[EventCountry "ENG"]
[SourceTitle "EXT 1999"]
[Source "ChessBase"]
[SourceDate "1998.11.16"]
[SourceVersion "1"]
[SourceVersionDate "1998.11.16"]
[SourceQuality "1"]

1. d4 f5 2. Bg5 g6 3. h4 Bg7 4. Nc3 d5 5. Qd2 c6 6. 0-0-0 Be6 7. e4 fxe4 8. f3 exf3 9. Nxf3 h6 10. Bf4 Nd7 11. Bd3 Bf7 12. Rde1 e6 13. Rhf1 Ne7 14. g4 a6 15. Ne5 Nxe5 16. Bxe5 0-0 17. Bxg7 Kxg7 18. Qf4 Ng8 19. Qe5+ Kh7 20. h5 Qg5+ 21. Qxg5 hxg5 22. Rxf7+ Rxf7 23. hxg6+ Kg7 24. gxf7 Kxf7 25. Na4 1-0

[Event "London SCCU op"]
[Site "London"]
[Date "1995.08.??"]
[Round "7"]
[White "Turner, Matthew"]
[Black "Wilson, Jonathan"]
[Result "0-1"]
[WhiteElo "2400"]
[BlackElo "2245"]
[PlyCount "97"]
[EventDate "1995.08.14"]
[EventType "swiss"]
[EventRounds "9"]
[EventCountry "ENG"]
[SourceTitle "EXT 1999"]
[Source "ChessBase"]
[SourceDate "1998.11.16"]
[SourceVersion "1"]
[SourceVersionDate "1998.11.16"]
[SourceQuality "1"]

1. e4 c5 2. Nc3 Nc6 3. g3 g6 4. Bg2 Bg7 5. d3 d6 6. f4 e6 7. Nf3 Nge7 8. 0-0 0-0 9. Be3 Nd4 10. e5 Bd7 11. Nxd4 cxd4 12. Bxd4 dxe5 13. fxe5 Bc6 14. Bc5 Bxg2 15. Kxg2 Bxe5 16. Qf3 b6 17. Ba3 Rc8 18. d4 Bxd4 19. Rad1 Nf5 20. Bxf8 Qxf8 21. Rd3 b5 22. Qe2 Qc5 23. Kh3 h5 24. a3 a5 25. Qe4 b4 26. axb4 axb4 27. Nd1 Bg7 28. c3 bxc3 29. bxc3 Nd6 30. Qe2 e5 31. Ne3 e4 32. Rd5 Qa3 33. c4 Qa6 34. Qf2 f5 35. c5 Nf7 36. Kg2 Ne5 37. Qc2 Nd3 38. Rd6 Rc6 39. Qb3+ Kh7 40. Qd5 Rxd6 41. cxd6 Nb4 42. Qd1 Nd3 43. d7 Qd6 44. Qa4 Bd4 45. Nc4 Qd5 46. Qa5 Qxd7 47. Rb1 e3 48. Kf1 Qc6 49. Qb5 0-1

[Event "Hastings Masters"]
[Site "Hastings"]
[Date "1995.??.??"]
[Round "8"]
[White "Buckley, Graeme N"]
[Black "Wilson, Jonathan"]
[Result "0-1"]
[WhiteElo "2355"]
[BlackElo "2245"]
[PlyCount "148"]
[EventDate "1995.08.??"]
[EventType "swiss"]
[EventRounds "9"]
[EventCountry "ENG"]
[SourceTitle "CBM 048 Extra"]
[Source "ChessBase"]
[SourceDate "1995.11.01"]
[SourceVersion "1"]
[SourceVersionDate "1995.11.01"]
[SourceQuality "1"]

1. d4 Nf6 2. Bg5 d5 3. Bxf6 exf6 4. e3 Bd6 5. c4 dxc4 6. Bxc4 c6 7. Ne2 0-0 8. Nbc3 f5 9. Qc2 Nd7 10. h3 g6 11. g4 Nb6 12. Bd3 fxg4 13. hxg4 Bxg4 14. 0-0-0 Bf3 15. Rhg1 Nd5 16. e4 Nxc3 17. Qxc3 Bh2 18. Rge1 Qh4 19. Qd2 Rad8 20. Rh1 Bxh1 21. Rxh1 h5 22. Qe3 Rfe8 23. Kb1 Rd6 24. e5 Rf6 25. Ng3 Rxf2 26. Ne4 Rf4 27. Qe2 Qg4 28. Qxg4 hxg4 29. Rxh2 Rd8 30. Kc2 g3 31. Nxg3 Rdxd4 32. Ne2 Rh4 33. Rf2 Rd7 34. Nf4 Re7 35. e6 Rxf4 36. Rxf4 Rxe6 37. Ra4 a6 38. Kc3 Kg7 39. Kd4 Rd6+ 40. Ke3 f5 41. Rb4 b5 42. Rh4 c5 43. b3 g5 44. Rh5 f4+ 45. Ke2 Re6+ 46. Kf2 Kf6 47. a4 Re3 48. Bc2 Rc3 49. Bd1 Rd3 50. Ke2 c4 51. Rh6+ Ke5 52. Rxa6 f3+ 53. Ke1 f2+ 54. Kxf2 Rxd1 55. bxc4 bxc4 56. Rc6 Kd5 57. Rc8 Ra1 58. Ke3 Ra3+ 59. Ke2 Rxa4 60. Rg8 Ra2+ 61. Kf1 c3 62. Rxg5+ Kc4 63. Rg4+ Kb3 64. Rg8 Rd2 65. Ke1 Rd7 66. Ke2 Kb2 67. Rb8+ Kc1 68. Rb6 c2 69. Rb8 Re7+ 70. Kf2 Re5 71. Rb7 Kd2 72. Rd7+ Kc3 73. Rc7+ Kd3 74. Rc8 Re2+ 0-1

[Event "Lloyds Bank op 18th"]
[Site "London"]
[Date "1994.??.??"]
[Round "6"]
[White "Akesson, Ralf"]
[Black "Wilson, Jonathan"]
[Result "1-0"]
[WhiteElo "2460"]
[BlackElo "2190"]
[PlyCount "65"]
[EventDate "1994.08.??"]
[EventType "swiss"]
[EventRounds "10"]
[EventCountry "ENG"]
[SourceTitle "EXT 2000"]
[Source "ChessBase"]
[SourceDate "1999.11.16"]
[SourceVersion "1"]
[SourceVersionDate "1999.11.16"]
[SourceQuality "1"]

1. c4 f5 2. Nf3 Nf6 3. g3 g6 4. Bg2 Bg7 5. 0-0 0-0 6. d4 d6 7. Nc3 Qe8 8. d5 Na6 9. Nd4 Bd7 10. Rb1 c6 11. dxc6 bxc6 12. b4 Rd8 13. b5 cxb5 14. cxb5 Nc5 15. Nc6 Nfe4 16. Nxe4 Bxc6 17. bxc6 fxe4 18. Bxe4 Nxe4 19. Qd5+ e6 20. Qxe4 d5 21. Qa4 Rf7 22. Bb2 e5 23. Rbc1 Rc8 24. e3 Qe6 25. Qb5 Bh6 26. Rc5 e4 27. Rxd5 a6 28. Qc4 Rcf8 29. Rc5 Qxc4 30. Rxc4 Bxe3 31. c7 Rxf2 32. Rxf2 Bxf2+ 33. Kg2 1-0

[Event "London op"]
[Site "London"]
[Date "1994.??.??"]
[Round "4"]
[White "Dybowski, Jerzy"]
[Black "Wilson, Jonathan"]
[Result "1-0"]
[WhiteElo "2315"]
[BlackElo "2205"]
[PlyCount "71"]
[EventDate "1994.??.??"]
[EventType "swiss"]
[EventRounds "10"]
[EventCountry "ENG"]
[SourceTitle "EXT 1998"]
[Source "ChessBase"]
[SourceDate "1997.11.17"]
[SourceVersion "1"]
[SourceVersionDate "1997.11.17"]
[SourceQuality "1"]

1. d4 f5 2. g4 fxg4 3. h3 d5 4. Qd3 Nf6 5. Nc3 Nc6 6. hxg4 Bxg4 7. f3 Bd7 8. Rxh7 Bf5 9. Qxf5 Rxh7 10. Bg5 Rh1 11. 0-0-0 e6 12. Qg6+ Kd7 13. Bg2 Ne7 14. Qf7 Rxg1 15. Rxg1 Qe8 16. Qxe8+ Rxe8 17. e4 c6 18. Bh3 Nfg8 19. Ne2 Nc8 20. Bd2 dxe4 21. fxe4 Nf6 22. e5 Nd5 23. c4 Nc7 24. Nf4 Ke7 25. Rf1 Kd8 26. Nxe6+ Nxe6 27. Bxe6 Rxe6 28. Rxf8+ Kd7 29. Bb4 Nb6 30. Rf7+ Kc8 31. b3 Nd7 32. Bd6 Rg6 33. d5 cxd5 34. cxd5 Nb6 35. e6 Nxd5 36. Rf8# 1-0

[Event "Hastings op 9495"]
[Site "Hastings"]
[Date "1994.??.??"]
[Round "?"]
[White "Flear, Glenn C"]
[Black "Wilson, Jonathan"]
[Result "1-0"]
[WhiteElo "2505"]
[BlackElo "2190"]
[PlyCount "51"]
[EventDate "1994.12.??"]
[EventType "swiss"]
[EventRounds "9"]
[EventCountry "ENG"]
[SourceTitle "EXT 1998"]
[Source "ChessBase"]
[SourceDate "1997.11.17"]
[SourceVersion "1"]
[SourceVersionDate "1997.11.17"]
[SourceQuality "1"]

1. d4 f5 2. g3 Nf6 3. Bg2 g6 4. Nh3 Bg7 5. Nf4 0-0 6. h4 Bh8 7. Qd3 e6 8. Nd2 Nc6 9. Nf3 Ne4 10. Be3 b5 11. Ng5 Nxg5 12. hxg5 d5 13. 0-0-0 Rb8 14. Rh4 Rf7 15. Rdh1 Ne7 16. Bd2 b4 17. g4 c5 18. Qh3 fxg4 19. Qh2 Bxd4 20. Rxh7 Rxh7 21. Qxh7+ Kf8 22. Be3 Bxe3+ 23. fxe3 Ke8 24. Qg7 Kd7 25. Nxg6 Kd6 26. Qe5+ 1-0

[Event "Lloyds Bank op 18th"]
[Site "London"]
[Date "1994.??.??"]
[Round "8"]
[White "Poulton, James"]
[Black "Wilson, Jonathan"]
[Result "0-1"]
[WhiteElo "2330"]
[BlackElo "2190"]
[PlyCount "52"]
[EventDate "1994.08.??"]
[EventType "swiss"]
[EventRounds "10"]
[EventCountry "ENG"]
[SourceTitle "EXT 2000"]
[Source "ChessBase"]
[SourceDate "1999.11.16"]
[SourceVersion "1"]
[SourceVersionDate "1999.11.16"]
[SourceQuality "1"]

1. d4 f5 2. c4 Nf6 3. Nc3 g6 4. g3 Bg7 5. Bg2 0-0 6. Nf3 d6 7. 0-0 Qe8 8. b3 Na6 9. a4 c6 10. Ba3 Nc7 11. Qc2 a5 12. Rfe1 Kh8 13. Rad1 Rb8 14. e4 fxe4 15. Nxe4 Bf5 16. Nh4 Nxe4 17. Nxf5 gxf5 18. f3 Ng5 19. Bxd6 Nge6 20. Be5 Rd8 21. d5 cxd5 22. cxd5 Nxd5 23. f4 Nb4 24. Qc4 Rxd1 25. Rxd1 Bxe5 26. Qxe6 Bd6 0-1

[Event "Lloyds Bank op 18th"]
[Site "London"]
[Date "1994.??.??"]
[Round "3"]
[White "Psakhis, Lev"]
[Black "Wilson, Jonathan"]
[Result "1-0"]
[WhiteElo "2605"]
[BlackElo "2190"]
[PlyCount "61"]
[EventDate "1994.08.??"]
[EventType "swiss"]
[EventRounds "10"]
[EventCountry "ENG"]
[SourceTitle "EXT 2000"]
[Source "ChessBase"]
[SourceDate "1999.11.16"]
[SourceVersion "1"]
[SourceVersionDate "1999.11.16"]
[SourceQuality "1"]

1. c4 f5 2. Nc3 Nf6 3. g3 d6 4. Bg2 g6 5. d3 Bg7 6. e4 Nc6 7. Nge2 e5 8. 0-0 0-0 9. Nd5 Ne7 10. Nxf6+ Bxf6 11. Bh6 Re8 12. Qd2 c6 13. Nc3 Be6 14. Rfe1 d5 15. exd5 cxd5 16. Bg5 Bxg5 17. Qxg5 dxc4 18. Bxb7 Rb8 19. Rxe5 Rxb7 20. Rxe6 cxd3 21. Qf6 Rb6 22. Rd1 Nc8 23. Rxe8+ Qxe8 24. Qd4 Rxb2 25. Qxd3 Nb6 26. a4 Qe7 27. a5 Qc5 28. Qf3 Nc4 29. Na4 Qb4 30. Nxb2 Nxb2 31. Qa8+ 1-0